<?xml version="1.0" encoding="UTF-8"?>
<record
    xmlns:xsi="http://www.w3.org/2001/XMLSchema-instance"
    xsi:schemaLocation="http://www.loc.gov/MARC21/slim http://www.loc.gov/standards/marcxml/schema/MARC21slim.xsd"
    xmlns="http://www.loc.gov/MARC21/slim">

  <leader>00566nam a2200193   4500</leader>
  <controlfield tag="003">SEACOMEC</controlfield>
  <controlfield tag="005">20250305130015.0</controlfield>
  <controlfield tag="008">231017b        |||||||| |||| 00| 0 eng d</controlfield>
  <datafield tag="020" ind1=" " ind2=" ">
    <subfield code="c">Rs.400.00</subfield>
    <subfield code="a">978-1565924000</subfield>
  </datafield>
  <datafield tag="040" ind1=" " ind2=" ">
    <subfield code="a">SEACOMEC</subfield>
  </datafield>
  <datafield tag="082" ind1=" " ind2=" ">
    <subfield code="a">005.268 LINUX</subfield>
    <subfield code="b">K58</subfield>
  </datafield>
  <datafield tag="100" ind1="1" ind2=" ">
    <subfield code="a">Kirch Olaf</subfield>
  </datafield>
  <datafield tag="245" ind1="1" ind2=" ">
    <subfield code="a">Linux: network administrations guide / </subfield>
    <subfield code="c">Kirch Olaf and Dowson Terry</subfield>
  </datafield>
  <datafield tag="250" ind1="1" ind2=" ">
    <subfield code="a">2nd ed.</subfield>
  </datafield>
  <datafield tag="260" ind1="1" ind2=" ">
    <subfield code="a">Bangalore</subfield>
    <subfield code="b">Shroff</subfield>
    <subfield code="c">2004</subfield>
  </datafield>
  <datafield tag="650" ind1=" " ind2=" ">
    <subfield code="a">Computer science, Programming for personal computers</subfield>
  </datafield>
  <datafield tag="700" ind1=" " ind2=" ">
    <subfield code="a">Olaf Kirch and terry Dowson</subfield>
  </datafield>
  <datafield tag="942" ind1=" " ind2=" ">
    <subfield code="c">BOOK</subfield>
  </datafield>
  <datafield tag="952" ind1=" " ind2=" ">
    <subfield code="0">0</subfield>
    <subfield code="1">0</subfield>
    <subfield code="2">ddc</subfield>
    <subfield code="4">0</subfield>
    <subfield code="7">0</subfield>
    <subfield code="a">SEACOMEC</subfield>
    <subfield code="b">SEACOMEC</subfield>
    <subfield code="d">2006-06-01</subfield>
    <subfield code="l">0</subfield>
    <subfield code="o">005.268 LINUX K58</subfield>
    <subfield code="p">00093</subfield>
    <subfield code="r">2024-08-03 12:53:22</subfield>
    <subfield code="w">2024-08-03</subfield>
    <subfield code="y">BOOK</subfield>
  </datafield>
  <datafield tag="952" ind1=" " ind2=" ">
    <subfield code="0">0</subfield>
    <subfield code="1">0</subfield>
    <subfield code="2">ddc</subfield>
    <subfield code="4">0</subfield>
    <subfield code="7">0</subfield>
    <subfield code="a">SEACOMEC</subfield>
    <subfield code="b">SEACOMEC</subfield>
    <subfield code="d">2006-06-01</subfield>
    <subfield code="l">0</subfield>
    <subfield code="o">005.268 LINUX K58</subfield>
    <subfield code="p">00094</subfield>
    <subfield code="r">2024-08-03 12:53:22</subfield>
    <subfield code="t">1</subfield>
    <subfield code="w">2024-08-03</subfield>
    <subfield code="y">BOOK</subfield>
  </datafield>
  <datafield tag="952" ind1=" " ind2=" ">
    <subfield code="0">0</subfield>
    <subfield code="1">0</subfield>
    <subfield code="2">ddc</subfield>
    <subfield code="4">0</subfield>
    <subfield code="7">0</subfield>
    <subfield code="a">SEACOMEC</subfield>
    <subfield code="b">SEACOMEC</subfield>
    <subfield code="d">2006-06-01</subfield>
    <subfield code="l">0</subfield>
    <subfield code="o">005.268 LINUX K58</subfield>
    <subfield code="p">00095</subfield>
    <subfield code="r">2024-08-03 12:53:22</subfield>
    <subfield code="t">2</subfield>
    <subfield code="w">2024-08-03</subfield>
    <subfield code="y">BOOK</subfield>
  </datafield>
  <datafield tag="952" ind1=" " ind2=" ">
    <subfield code="0">0</subfield>
    <subfield code="1">0</subfield>
    <subfield code="2">ddc</subfield>
    <subfield code="4">0</subfield>
    <subfield code="7">0</subfield>
    <subfield code="a">SEACOMEC</subfield>
    <subfield code="b">SEACOMEC</subfield>
    <subfield code="d">2006-06-01</subfield>
    <subfield code="l">0</subfield>
    <subfield code="o">005.268 LINUX K58</subfield>
    <subfield code="p">00096</subfield>
    <subfield code="r">2024-08-03 12:53:22</subfield>
    <subfield code="t">3</subfield>
    <subfield code="w">2024-08-03</subfield>
    <subfield code="y">BOOK</subfield>
  </datafield>
  <datafield tag="952" ind1=" " ind2=" ">
    <subfield code="0">0</subfield>
    <subfield code="1">0</subfield>
    <subfield code="2">ddc</subfield>
    <subfield code="4">0</subfield>
    <subfield code="7">0</subfield>
    <subfield code="a">SEACOMEC</subfield>
    <subfield code="b">SEACOMEC</subfield>
    <subfield code="d">2006-06-01</subfield>
    <subfield code="l">0</subfield>
    <subfield code="o">005.268 LINUX K58</subfield>
    <subfield code="p">00097</subfield>
    <subfield code="r">2024-08-03 12:53:22</subfield>
    <subfield code="t">4</subfield>
    <subfield code="w">2024-08-03</subfield>
    <subfield code="y">BOOK</subfield>
  </datafield>
  <datafield tag="952" ind1=" " ind2=" ">
    <subfield code="0">0</subfield>
    <subfield code="1">0</subfield>
    <subfield code="2">ddc</subfield>
    <subfield code="4">0</subfield>
    <subfield code="7">0</subfield>
    <subfield code="a">SEACOMEC</subfield>
    <subfield code="b">SEACOMEC</subfield>
    <subfield code="d">2007-06-11</subfield>
    <subfield code="g">400.00</subfield>
    <subfield code="l">0</subfield>
    <subfield code="o">005.268 LINUX K58</subfield>
    <subfield code="p">6957</subfield>
    <subfield code="r">2024-08-09 16:15:40</subfield>
    <subfield code="t">5</subfield>
    <subfield code="w">2024-08-09</subfield>
    <subfield code="y">BOOK</subfield>
  </datafield>
  <datafield tag="952" ind1=" " ind2=" ">
    <subfield code="0">0</subfield>
    <subfield code="1">0</subfield>
    <subfield code="2">ddc</subfield>
    <subfield code="4">0</subfield>
    <subfield code="7">0</subfield>
    <subfield code="a">SEACOMEC</subfield>
    <subfield code="b">SEACOMEC</subfield>
    <subfield code="d">2007-06-11</subfield>
    <subfield code="g">400.00</subfield>
    <subfield code="l">0</subfield>
    <subfield code="o">005.268 LINUX K58</subfield>
    <subfield code="p">6958</subfield>
    <subfield code="r">2024-08-09 16:15:40</subfield>
    <subfield code="t">6</subfield>
    <subfield code="w">2024-08-09</subfield>
    <subfield code="y">BOOK</subfield>
  </datafield>
  <datafield tag="952" ind1=" " ind2=" ">
    <subfield code="0">0</subfield>
    <subfield code="1">0</subfield>
    <subfield code="2">ddc</subfield>
    <subfield code="4">0</subfield>
    <subfield code="7">0</subfield>
    <subfield code="a">SEACOMEC</subfield>
    <subfield code="b">SEACOMEC</subfield>
    <subfield code="d">2007-06-11</subfield>
    <subfield code="g">400.00</subfield>
    <subfield code="l">0</subfield>
    <subfield code="o">005.268 LINUX K58</subfield>
    <subfield code="p">6959</subfield>
    <subfield code="r">2024-08-09 16:15:40</subfield>
    <subfield code="t">7</subfield>
    <subfield code="w">2024-08-09</subfield>
    <subfield code="y">BOOK</subfield>
  </datafield>
  <datafield tag="952" ind1=" " ind2=" ">
    <subfield code="0">0</subfield>
    <subfield code="1">0</subfield>
    <subfield code="2">ddc</subfield>
    <subfield code="4">0</subfield>
    <subfield code="7">0</subfield>
    <subfield code="a">SEACOMEC</subfield>
    <subfield code="b">SEACOMEC</subfield>
    <subfield code="d">2007-06-11</subfield>
    <subfield code="g">400.00</subfield>
    <subfield code="l">0</subfield>
    <subfield code="o">005.268 LINUX K58</subfield>
    <subfield code="p">6960</subfield>
    <subfield code="r">2024-08-09 16:15:40</subfield>
    <subfield code="t">8</subfield>
    <subfield code="w">2024-08-09</subfield>
    <subfield code="y">BOOK</subfield>
  </datafield>
  <datafield tag="952" ind1=" " ind2=" ">
    <subfield code="0">0</subfield>
    <subfield code="1">0</subfield>
    <subfield code="2">ddc</subfield>
    <subfield code="4">0</subfield>
    <subfield code="7">0</subfield>
    <subfield code="a">SEACOMEC</subfield>
    <subfield code="b">SEACOMEC</subfield>
    <subfield code="d">2007-06-11</subfield>
    <subfield code="g">400.00</subfield>
    <subfield code="l">0</subfield>
    <subfield code="o">005.268 LINUX K58</subfield>
    <subfield code="p">6961</subfield>
    <subfield code="r">2024-08-09 16:15:40</subfield>
    <subfield code="t">9</subfield>
    <subfield code="w">2024-08-09</subfield>
    <subfield code="y">BOOK</subfield>
  </datafield>
  <datafield tag="952" ind1=" " ind2=" ">
    <subfield code="0">0</subfield>
    <subfield code="1">0</subfield>
    <subfield code="2">ddc</subfield>
    <subfield code="4">0</subfield>
    <subfield code="7">0</subfield>
    <subfield code="a">SEACOMEC</subfield>
    <subfield code="b">SEACOMEC</subfield>
    <subfield code="d">2009-02-28</subfield>
    <subfield code="l">0</subfield>
    <subfield code="o">005.268 LINUX K58</subfield>
    <subfield code="p">13960</subfield>
    <subfield code="r">2025-03-05 13:02:45</subfield>
    <subfield code="t">10</subfield>
    <subfield code="w">2025-03-05</subfield>
    <subfield code="y">BOOK</subfield>
  </datafield>
  <datafield tag="952" ind1=" " ind2=" ">
    <subfield code="0">0</subfield>
    <subfield code="1">0</subfield>
    <subfield code="2">ddc</subfield>
    <subfield code="4">0</subfield>
    <subfield code="7">0</subfield>
    <subfield code="a">SEACOMEC</subfield>
    <subfield code="b">SEACOMEC</subfield>
    <subfield code="d">2009-02-28</subfield>
    <subfield code="l">0</subfield>
    <subfield code="o">005.268 LINUX K58</subfield>
    <subfield code="p">13961</subfield>
    <subfield code="r">2025-03-05 13:02:45</subfield>
    <subfield code="t">11</subfield>
    <subfield code="w">2025-03-05</subfield>
    <subfield code="y">BOOK</subfield>
  </datafield>
  <datafield tag="952" ind1=" " ind2=" ">
    <subfield code="0">0</subfield>
    <subfield code="1">0</subfield>
    <subfield code="2">ddc</subfield>
    <subfield code="4">0</subfield>
    <subfield code="7">0</subfield>
    <subfield code="a">SEACOMEC</subfield>
    <subfield code="b">SEACOMEC</subfield>
    <subfield code="d">2009-02-28</subfield>
    <subfield code="l">0</subfield>
    <subfield code="o">005.268 LINUX K58</subfield>
    <subfield code="p">13962</subfield>
    <subfield code="r">2025-03-05 13:02:45</subfield>
    <subfield code="t">12</subfield>
    <subfield code="w">2025-03-05</subfield>
    <subfield code="y">BOOK</subfield>
  </datafield>
  <datafield tag="952" ind1=" " ind2=" ">
    <subfield code="0">0</subfield>
    <subfield code="1">0</subfield>
    <subfield code="2">ddc</subfield>
    <subfield code="4">0</subfield>
    <subfield code="7">0</subfield>
    <subfield code="a">SEACOMEC</subfield>
    <subfield code="b">SEACOMEC</subfield>
    <subfield code="d">2009-02-28</subfield>
    <subfield code="l">0</subfield>
    <subfield code="o">005.268 LINUX K58</subfield>
    <subfield code="p">13963</subfield>
    <subfield code="r">2025-03-05 13:02:45</subfield>
    <subfield code="t">13</subfield>
    <subfield code="w">2025-03-05</subfield>
    <subfield code="y">BOOK</subfield>
  </datafield>
  <datafield tag="952" ind1=" " ind2=" ">
    <subfield code="0">0</subfield>
    <subfield code="1">0</subfield>
    <subfield code="2">ddc</subfield>
    <subfield code="4">0</subfield>
    <subfield code="7">0</subfield>
    <subfield code="a">SEACOMEC</subfield>
    <subfield code="b">SEACOMEC</subfield>
    <subfield code="d">2009-02-28</subfield>
    <subfield code="l">0</subfield>
    <subfield code="o">005.268 LINUX K58</subfield>
    <subfield code="p">13964</subfield>
    <subfield code="r">2025-03-05 13:02:45</subfield>
    <subfield code="t">14</subfield>
    <subfield code="w">2025-03-05</subfield>
    <subfield code="y">BOOK</subfield>
  </datafield>
  <datafield tag="952" ind1=" " ind2=" ">
    <subfield code="0">0</subfield>
    <subfield code="1">0</subfield>
    <subfield code="2">ddc</subfield>
    <subfield code="4">0</subfield>
    <subfield code="7">0</subfield>
    <subfield code="a">SEACOMEC</subfield>
    <subfield code="b">SEACOMEC</subfield>
    <subfield code="d">2009-03-14</subfield>
    <subfield code="l">0</subfield>
    <subfield code="o">005.268 LINUX K58</subfield>
    <subfield code="p">14338</subfield>
    <subfield code="r">2025-03-18 11:59:59</subfield>
    <subfield code="t">15</subfield>
    <subfield code="w">2025-03-18</subfield>
    <subfield code="y">BOOK</subfield>
  </datafield>
  <datafield tag="952" ind1=" " ind2=" ">
    <subfield code="0">0</subfield>
    <subfield code="1">0</subfield>
    <subfield code="2">ddc</subfield>
    <subfield code="4">0</subfield>
    <subfield code="7">0</subfield>
    <subfield code="a">SEACOMEC</subfield>
    <subfield code="b">SEACOMEC</subfield>
    <subfield code="d">2009-03-14</subfield>
    <subfield code="l">0</subfield>
    <subfield code="o">005.268 LINUX K58</subfield>
    <subfield code="p">14339</subfield>
    <subfield code="r">2025-03-18 11:59:59</subfield>
    <subfield code="t">16</subfield>
    <subfield code="w">2025-03-18</subfield>
    <subfield code="y">BOOK</subfield>
  </datafield>
  <datafield tag="952" ind1=" " ind2=" ">
    <subfield code="0">0</subfield>
    <subfield code="1">0</subfield>
    <subfield code="2">ddc</subfield>
    <subfield code="4">0</subfield>
    <subfield code="7">0</subfield>
    <subfield code="a">SEACOMEC</subfield>
    <subfield code="b">SEACOMEC</subfield>
    <subfield code="d">2009-03-14</subfield>
    <subfield code="l">0</subfield>
    <subfield code="o">005.268 LINUX K58</subfield>
    <subfield code="p">14340</subfield>
    <subfield code="r">2025-03-18 11:59:59</subfield>
    <subfield code="t">17</subfield>
    <subfield code="w">2025-03-18</subfield>
    <subfield code="y">BOOK</subfield>
  </datafield>
  <datafield tag="952" ind1=" " ind2=" ">
    <subfield code="0">0</subfield>
    <subfield code="1">0</subfield>
    <subfield code="2">ddc</subfield>
    <subfield code="4">0</subfield>
    <subfield code="7">0</subfield>
    <subfield code="a">SEACOMEC</subfield>
    <subfield code="b">SEACOMEC</subfield>
    <subfield code="d">2009-03-14</subfield>
    <subfield code="l">0</subfield>
    <subfield code="o">005.268 LINUX K58</subfield>
    <subfield code="p">14341</subfield>
    <subfield code="r">2025-03-18 11:59:59</subfield>
    <subfield code="t">18</subfield>
    <subfield code="w">2025-03-18</subfield>
    <subfield code="y">BOOK</subfield>
  </datafield>
  <datafield tag="952" ind1=" " ind2=" ">
    <subfield code="0">0</subfield>
    <subfield code="1">0</subfield>
    <subfield code="2">ddc</subfield>
    <subfield code="4">0</subfield>
    <subfield code="7">0</subfield>
    <subfield code="a">SEACOMEC</subfield>
    <subfield code="b">SEACOMEC</subfield>
    <subfield code="d">2009-03-14</subfield>
    <subfield code="l">0</subfield>
    <subfield code="o">005.268 LINUX K58</subfield>
    <subfield code="p">14342</subfield>
    <subfield code="r">2025-03-18 11:59:59</subfield>
    <subfield code="t">19</subfield>
    <subfield code="w">2025-03-18</subfield>
    <subfield code="y">BOOK</subfield>
  </datafield>
  <datafield tag="952" ind1=" " ind2=" ">
    <subfield code="0">0</subfield>
    <subfield code="1">0</subfield>
    <subfield code="2">ddc</subfield>
    <subfield code="4">0</subfield>
    <subfield code="7">0</subfield>
    <subfield code="a">SEACOMEC</subfield>
    <subfield code="b">SEACOMEC</subfield>
    <subfield code="d">2009-03-14</subfield>
    <subfield code="l">0</subfield>
    <subfield code="o">005.268 LINUX K58</subfield>
    <subfield code="p">14343</subfield>
    <subfield code="r">2025-03-18 11:59:59</subfield>
    <subfield code="t">20</subfield>
    <subfield code="w">2025-03-18</subfield>
    <subfield code="y">BOOK</subfield>
  </datafield>
  <datafield tag="952" ind1=" " ind2=" ">
    <subfield code="0">0</subfield>
    <subfield code="1">0</subfield>
    <subfield code="2">ddc</subfield>
    <subfield code="4">0</subfield>
    <subfield code="7">0</subfield>
    <subfield code="a">SEACOMEC</subfield>
    <subfield code="b">SEACOMEC</subfield>
    <subfield code="d">2009-03-14</subfield>
    <subfield code="l">0</subfield>
    <subfield code="o">005.268 LINUX K58</subfield>
    <subfield code="p">14344</subfield>
    <subfield code="r">2025-03-18 11:59:59</subfield>
    <subfield code="t">21</subfield>
    <subfield code="w">2025-03-18</subfield>
    <subfield code="y">BOOK</subfield>
  </datafield>
  <datafield tag="952" ind1=" " ind2=" ">
    <subfield code="0">0</subfield>
    <subfield code="1">0</subfield>
    <subfield code="2">ddc</subfield>
    <subfield code="4">0</subfield>
    <subfield code="7">0</subfield>
    <subfield code="a">SEACOMEC</subfield>
    <subfield code="b">SEACOMEC</subfield>
    <subfield code="d">2009-03-14</subfield>
    <subfield code="l">0</subfield>
    <subfield code="o">005.268 LINUX K58</subfield>
    <subfield code="p">14345</subfield>
    <subfield code="r">2025-03-18 11:59:59</subfield>
    <subfield code="t">22</subfield>
    <subfield code="w">2025-03-18</subfield>
    <subfield code="y">BOOK</subfield>
  </datafield>
  <datafield tag="952" ind1=" " ind2=" ">
    <subfield code="0">0</subfield>
    <subfield code="1">0</subfield>
    <subfield code="2">ddc</subfield>
    <subfield code="4">0</subfield>
    <subfield code="7">0</subfield>
    <subfield code="a">SEACOMEC</subfield>
    <subfield code="b">SEACOMEC</subfield>
    <subfield code="d">2009-03-14</subfield>
    <subfield code="l">0</subfield>
    <subfield code="o">005.268 LINUX K58</subfield>
    <subfield code="p">14346</subfield>
    <subfield code="r">2025-03-18 11:59:59</subfield>
    <subfield code="t">23</subfield>
    <subfield code="w">2025-03-18</subfield>
    <subfield code="y">BOOK</subfield>
  </datafield>
  <datafield tag="952" ind1=" " ind2=" ">
    <subfield code="0">0</subfield>
    <subfield code="1">0</subfield>
    <subfield code="2">ddc</subfield>
    <subfield code="4">0</subfield>
    <subfield code="7">0</subfield>
    <subfield code="a">SEACOMEC</subfield>
    <subfield code="b">SEACOMEC</subfield>
    <subfield code="d">2009-03-14</subfield>
    <subfield code="l">0</subfield>
    <subfield code="o">005.268 LINUX K58</subfield>
    <subfield code="p">14347</subfield>
    <subfield code="r">2025-03-18 11:59:59</subfield>
    <subfield code="t">24</subfield>
    <subfield code="w">2025-03-18</subfield>
    <subfield code="y">BOOK</subfield>
  </datafield>
  <datafield tag="952" ind1=" " ind2=" ">
    <subfield code="0">0</subfield>
    <subfield code="1">0</subfield>
    <subfield code="2">ddc</subfield>
    <subfield code="4">0</subfield>
    <subfield code="7">0</subfield>
    <subfield code="a">SEACOMEC</subfield>
    <subfield code="b">SEACOMEC</subfield>
    <subfield code="d">2009-03-14</subfield>
    <subfield code="l">0</subfield>
    <subfield code="o">005.268 LINUX K58</subfield>
    <subfield code="p">14348</subfield>
    <subfield code="r">2025-03-18 11:59:59</subfield>
    <subfield code="t">25</subfield>
    <subfield code="w">2025-03-18</subfield>
    <subfield code="y">BOOK</subfield>
  </datafield>
  <datafield tag="952" ind1=" " ind2=" ">
    <subfield code="0">0</subfield>
    <subfield code="1">0</subfield>
    <subfield code="2">ddc</subfield>
    <subfield code="4">0</subfield>
    <subfield code="7">0</subfield>
    <subfield code="a">SEACOMEC</subfield>
    <subfield code="b">SEACOMEC</subfield>
    <subfield code="d">2009-03-14</subfield>
    <subfield code="l">0</subfield>
    <subfield code="o">005.268 LINUX K58</subfield>
    <subfield code="p">14349</subfield>
    <subfield code="r">2025-03-18 11:59:59</subfield>
    <subfield code="t">26</subfield>
    <subfield code="w">2025-03-18</subfield>
    <subfield code="y">BOOK</subfield>
  </datafield>
  <datafield tag="952" ind1=" " ind2=" ">
    <subfield code="0">0</subfield>
    <subfield code="1">0</subfield>
    <subfield code="2">ddc</subfield>
    <subfield code="4">0</subfield>
    <subfield code="7">0</subfield>
    <subfield code="a">SEACOMEC</subfield>
    <subfield code="b">SEACOMEC</subfield>
    <subfield code="d">2009-03-14</subfield>
    <subfield code="l">0</subfield>
    <subfield code="o">005.268 LINUX K58</subfield>
    <subfield code="p">14350</subfield>
    <subfield code="r">2025-03-18 11:59:59</subfield>
    <subfield code="t">27</subfield>
    <subfield code="w">2025-03-18</subfield>
    <subfield code="y">BOOK</subfield>
  </datafield>
  <datafield tag="952" ind1=" " ind2=" ">
    <subfield code="0">0</subfield>
    <subfield code="1">0</subfield>
    <subfield code="2">ddc</subfield>
    <subfield code="4">0</subfield>
    <subfield code="7">0</subfield>
    <subfield code="a">SEACOMEC</subfield>
    <subfield code="b">SEACOMEC</subfield>
    <subfield code="d">2009-03-14</subfield>
    <subfield code="l">0</subfield>
    <subfield code="o">005.268 LINUX K58</subfield>
    <subfield code="p">14351</subfield>
    <subfield code="r">2025-03-18 11:59:59</subfield>
    <subfield code="t">28</subfield>
    <subfield code="w">2025-03-18</subfield>
    <subfield code="y">BOOK</subfield>
  </datafield>
  <datafield tag="952" ind1=" " ind2=" ">
    <subfield code="0">0</subfield>
    <subfield code="1">0</subfield>
    <subfield code="2">ddc</subfield>
    <subfield code="4">0</subfield>
    <subfield code="7">0</subfield>
    <subfield code="a">SEACOMEC</subfield>
    <subfield code="b">SEACOMEC</subfield>
    <subfield code="d">2009-03-14</subfield>
    <subfield code="l">0</subfield>
    <subfield code="o">005.268 LINUX K58</subfield>
    <subfield code="p">14352</subfield>
    <subfield code="r">2025-03-18 11:59:59</subfield>
    <subfield code="t">29</subfield>
    <subfield code="w">2025-03-18</subfield>
    <subfield code="y">BOOK</subfield>
  </datafield>
  <datafield tag="952" ind1=" " ind2=" ">
    <subfield code="0">0</subfield>
    <subfield code="1">0</subfield>
    <subfield code="2">ddc</subfield>
    <subfield code="4">0</subfield>
    <subfield code="7">0</subfield>
    <subfield code="a">SEACOMEC</subfield>
    <subfield code="b">SEACOMEC</subfield>
    <subfield code="d">2009-03-14</subfield>
    <subfield code="l">0</subfield>
    <subfield code="o">005.268 LINUX K58</subfield>
    <subfield code="p">14353</subfield>
    <subfield code="r">2025-03-18 11:59:59</subfield>
    <subfield code="t">30</subfield>
    <subfield code="w">2025-03-18</subfield>
    <subfield code="y">BOOK</subfield>
  </datafield>
  <datafield tag="952" ind1=" " ind2=" ">
    <subfield code="0">0</subfield>
    <subfield code="1">0</subfield>
    <subfield code="2">ddc</subfield>
    <subfield code="4">0</subfield>
    <subfield code="7">0</subfield>
    <subfield code="a">SEACOMEC</subfield>
    <subfield code="b">SEACOMEC</subfield>
    <subfield code="d">2009-03-14</subfield>
    <subfield code="l">0</subfield>
    <subfield code="o">005.268 LINUX K58</subfield>
    <subfield code="p">14354</subfield>
    <subfield code="r">2025-03-18 11:59:59</subfield>
    <subfield code="t">31</subfield>
    <subfield code="w">2025-03-18</subfield>
    <subfield code="y">BOOK</subfield>
  </datafield>
  <datafield tag="952" ind1=" " ind2=" ">
    <subfield code="0">0</subfield>
    <subfield code="1">0</subfield>
    <subfield code="2">ddc</subfield>
    <subfield code="4">0</subfield>
    <subfield code="7">0</subfield>
    <subfield code="a">SEACOMEC</subfield>
    <subfield code="b">SEACOMEC</subfield>
    <subfield code="d">2009-03-14</subfield>
    <subfield code="l">0</subfield>
    <subfield code="o">005.268 LINUX K58</subfield>
    <subfield code="p">14355</subfield>
    <subfield code="r">2025-03-18 11:59:59</subfield>
    <subfield code="t">32</subfield>
    <subfield code="w">2025-03-18</subfield>
    <subfield code="y">BOOK</subfield>
  </datafield>
  <datafield tag="952" ind1=" " ind2=" ">
    <subfield code="0">0</subfield>
    <subfield code="1">0</subfield>
    <subfield code="2">ddc</subfield>
    <subfield code="4">0</subfield>
    <subfield code="7">0</subfield>
    <subfield code="a">SEACOMEC</subfield>
    <subfield code="b">SEACOMEC</subfield>
    <subfield code="d">2009-03-14</subfield>
    <subfield code="l">0</subfield>
    <subfield code="o">005.268 LINUX K58</subfield>
    <subfield code="p">14356</subfield>
    <subfield code="r">2025-03-18 11:59:59</subfield>
    <subfield code="t">33</subfield>
    <subfield code="w">2025-03-18</subfield>
    <subfield code="y">BOOK</subfield>
  </datafield>
  <datafield tag="952" ind1=" " ind2=" ">
    <subfield code="0">0</subfield>
    <subfield code="1">0</subfield>
    <subfield code="2">ddc</subfield>
    <subfield code="4">0</subfield>
    <subfield code="7">0</subfield>
    <subfield code="a">SEACOMEC</subfield>
    <subfield code="b">SEACOMEC</subfield>
    <subfield code="d">2009-03-14</subfield>
    <subfield code="l">0</subfield>
    <subfield code="o">005.268 LINUX K58</subfield>
    <subfield code="p">14357</subfield>
    <subfield code="r">2025-03-18 11:59:59</subfield>
    <subfield code="t">34</subfield>
    <subfield code="w">2025-03-18</subfield>
    <subfield code="y">BOOK</subfield>
  </datafield>
  <datafield tag="952" ind1=" " ind2=" ">
    <subfield code="0">0</subfield>
    <subfield code="1">0</subfield>
    <subfield code="2">ddc</subfield>
    <subfield code="4">0</subfield>
    <subfield code="7">0</subfield>
    <subfield code="a">SEACOMEC</subfield>
    <subfield code="b">SEACOMEC</subfield>
    <subfield code="d">2011-03-10</subfield>
    <subfield code="l">1</subfield>
    <subfield code="o">005.268 LINUX K58</subfield>
    <subfield code="p">17968</subfield>
    <subfield code="q">2026-04-15</subfield>
    <subfield code="r">2026-04-01 16:45:26</subfield>
    <subfield code="s">2026-04-01</subfield>
    <subfield code="t">35</subfield>
    <subfield code="w">2025-03-18</subfield>
    <subfield code="y">BOOK</subfield>
  </datafield>
  <datafield tag="952" ind1=" " ind2=" ">
    <subfield code="0">0</subfield>
    <subfield code="1">0</subfield>
    <subfield code="2">ddc</subfield>
    <subfield code="4">0</subfield>
    <subfield code="7">0</subfield>
    <subfield code="a">SEACOMEC</subfield>
    <subfield code="b">SEACOMEC</subfield>
    <subfield code="d">2011-03-10</subfield>
    <subfield code="l">0</subfield>
    <subfield code="o">005.268 LINUX K58</subfield>
    <subfield code="p">17969</subfield>
    <subfield code="r">2025-03-18 12:10:45</subfield>
    <subfield code="t">36</subfield>
    <subfield code="w">2025-03-18</subfield>
    <subfield code="y">BOOK</subfield>
  </datafield>
  <datafield tag="952" ind1=" " ind2=" ">
    <subfield code="0">0</subfield>
    <subfield code="1">0</subfield>
    <subfield code="2">ddc</subfield>
    <subfield code="4">0</subfield>
    <subfield code="7">0</subfield>
    <subfield code="a">SEACOMEC</subfield>
    <subfield code="b">SEACOMEC</subfield>
    <subfield code="d">2011-03-10</subfield>
    <subfield code="l">0</subfield>
    <subfield code="o">005.268 LINUX K58</subfield>
    <subfield code="p">17970</subfield>
    <subfield code="r">2025-03-18 12:10:45</subfield>
    <subfield code="t">37</subfield>
    <subfield code="w">2025-03-18</subfield>
    <subfield code="y">BOOK</subfield>
  </datafield>
  <datafield tag="952" ind1=" " ind2=" ">
    <subfield code="0">0</subfield>
    <subfield code="1">0</subfield>
    <subfield code="2">ddc</subfield>
    <subfield code="4">0</subfield>
    <subfield code="7">0</subfield>
    <subfield code="a">SEACOMEC</subfield>
    <subfield code="b">SEACOMEC</subfield>
    <subfield code="d">2011-03-10</subfield>
    <subfield code="l">0</subfield>
    <subfield code="o">005.268 LINUX K58</subfield>
    <subfield code="p">17971</subfield>
    <subfield code="r">2025-03-18 12:10:45</subfield>
    <subfield code="t">38</subfield>
    <subfield code="w">2025-03-18</subfield>
    <subfield code="y">BOOK</subfield>
  </datafield>
  <datafield tag="952" ind1=" " ind2=" ">
    <subfield code="0">0</subfield>
    <subfield code="1">0</subfield>
    <subfield code="2">ddc</subfield>
    <subfield code="4">0</subfield>
    <subfield code="7">0</subfield>
    <subfield code="a">SEACOMEC</subfield>
    <subfield code="b">SEACOMEC</subfield>
    <subfield code="d">2011-03-10</subfield>
    <subfield code="l">0</subfield>
    <subfield code="o">005.268 LINUX K58</subfield>
    <subfield code="p">17972</subfield>
    <subfield code="r">2025-03-18 12:10:45</subfield>
    <subfield code="t">39</subfield>
    <subfield code="w">2025-03-18</subfield>
    <subfield code="y">BOOK</subfield>
  </datafield>
  <datafield tag="952" ind1=" " ind2=" ">
    <subfield code="0">0</subfield>
    <subfield code="1">0</subfield>
    <subfield code="2">ddc</subfield>
    <subfield code="4">0</subfield>
    <subfield code="7">0</subfield>
    <subfield code="a">SEACOMEC</subfield>
    <subfield code="b">SEACOMEC</subfield>
    <subfield code="d">2011-03-10</subfield>
    <subfield code="l">0</subfield>
    <subfield code="o">005.268 LINUX K58</subfield>
    <subfield code="p">17973</subfield>
    <subfield code="r">2025-03-18 12:10:45</subfield>
    <subfield code="t">40</subfield>
    <subfield code="w">2025-03-18</subfield>
    <subfield code="y">BOOK</subfield>
  </datafield>
  <datafield tag="952" ind1=" " ind2=" ">
    <subfield code="0">0</subfield>
    <subfield code="1">0</subfield>
    <subfield code="2">ddc</subfield>
    <subfield code="4">0</subfield>
    <subfield code="7">0</subfield>
    <subfield code="a">SEACOMEC</subfield>
    <subfield code="b">SEACOMEC</subfield>
    <subfield code="d">2011-03-10</subfield>
    <subfield code="l">0</subfield>
    <subfield code="o">005.268 LINUX K58</subfield>
    <subfield code="p">17974</subfield>
    <subfield code="r">2025-03-18 12:10:45</subfield>
    <subfield code="t">41</subfield>
    <subfield code="w">2025-03-18</subfield>
    <subfield code="y">BOOK</subfield>
  </datafield>
  <datafield tag="952" ind1=" " ind2=" ">
    <subfield code="0">0</subfield>
    <subfield code="1">0</subfield>
    <subfield code="2">ddc</subfield>
    <subfield code="4">0</subfield>
    <subfield code="7">0</subfield>
    <subfield code="a">SEACOMEC</subfield>
    <subfield code="b">SEACOMEC</subfield>
    <subfield code="d">2011-03-10</subfield>
    <subfield code="l">0</subfield>
    <subfield code="o">005.268 LINUX K58</subfield>
    <subfield code="p">17975</subfield>
    <subfield code="r">2025-03-18 12:10:45</subfield>
    <subfield code="t">42</subfield>
    <subfield code="w">2025-03-18</subfield>
    <subfield code="y">BOOK</subfield>
  </datafield>
  <datafield tag="952" ind1=" " ind2=" ">
    <subfield code="0">0</subfield>
    <subfield code="1">0</subfield>
    <subfield code="2">ddc</subfield>
    <subfield code="4">0</subfield>
    <subfield code="7">0</subfield>
    <subfield code="a">SEACOMEC</subfield>
    <subfield code="b">SEACOMEC</subfield>
    <subfield code="d">2011-03-10</subfield>
    <subfield code="l">0</subfield>
    <subfield code="o">005.268 LINUX K58</subfield>
    <subfield code="p">17976</subfield>
    <subfield code="r">2025-03-18 12:10:45</subfield>
    <subfield code="t">43</subfield>
    <subfield code="w">2025-03-18</subfield>
    <subfield code="y">BOOK</subfield>
  </datafield>
  <datafield tag="952" ind1=" " ind2=" ">
    <subfield code="0">0</subfield>
    <subfield code="1">0</subfield>
    <subfield code="2">ddc</subfield>
    <subfield code="4">0</subfield>
    <subfield code="7">0</subfield>
    <subfield code="a">SEACOMEC</subfield>
    <subfield code="b">SEACOMEC</subfield>
    <subfield code="d">2011-03-10</subfield>
    <subfield code="l">0</subfield>
    <subfield code="o">005.268 LINUX K58</subfield>
    <subfield code="p">17977</subfield>
    <subfield code="r">2025-03-18 12:10:45</subfield>
    <subfield code="t">44</subfield>
    <subfield code="w">2025-03-18</subfield>
    <subfield code="y">BOOK</subfield>
  </datafield>
  <datafield tag="952" ind1=" " ind2=" ">
    <subfield code="0">0</subfield>
    <subfield code="1">0</subfield>
    <subfield code="2">ddc</subfield>
    <subfield code="4">0</subfield>
    <subfield code="7">0</subfield>
    <subfield code="a">SEACOMEC</subfield>
    <subfield code="b">SEACOMEC</subfield>
    <subfield code="d">2011-03-10</subfield>
    <subfield code="l">0</subfield>
    <subfield code="o">005.268 LINUX K58</subfield>
    <subfield code="p">17978</subfield>
    <subfield code="r">2025-03-18 12:10:45</subfield>
    <subfield code="t">45</subfield>
    <subfield code="w">2025-03-18</subfield>
    <subfield code="y">BOOK</subfield>
  </datafield>
  <datafield tag="952" ind1=" " ind2=" ">
    <subfield code="0">0</subfield>
    <subfield code="1">0</subfield>
    <subfield code="2">ddc</subfield>
    <subfield code="4">0</subfield>
    <subfield code="7">0</subfield>
    <subfield code="a">SEACOMEC</subfield>
    <subfield code="b">SEACOMEC</subfield>
    <subfield code="d">2011-03-10</subfield>
    <subfield code="l">0</subfield>
    <subfield code="o">005.268 LINUX K58</subfield>
    <subfield code="p">17979</subfield>
    <subfield code="r">2025-03-18 12:10:45</subfield>
    <subfield code="t">46</subfield>
    <subfield code="w">2025-03-18</subfield>
    <subfield code="y">BOOK</subfield>
  </datafield>
  <datafield tag="952" ind1=" " ind2=" ">
    <subfield code="0">0</subfield>
    <subfield code="1">0</subfield>
    <subfield code="2">ddc</subfield>
    <subfield code="4">0</subfield>
    <subfield code="7">0</subfield>
    <subfield code="a">SEACOMEC</subfield>
    <subfield code="b">SEACOMEC</subfield>
    <subfield code="d">2011-03-10</subfield>
    <subfield code="l">0</subfield>
    <subfield code="o">005.268 LINUX K58</subfield>
    <subfield code="p">17980</subfield>
    <subfield code="r">2025-03-18 12:10:45</subfield>
    <subfield code="t">47</subfield>
    <subfield code="w">2025-03-18</subfield>
    <subfield code="y">BOOK</subfield>
  </datafield>
  <datafield tag="952" ind1=" " ind2=" ">
    <subfield code="0">0</subfield>
    <subfield code="1">0</subfield>
    <subfield code="2">ddc</subfield>
    <subfield code="4">0</subfield>
    <subfield code="7">0</subfield>
    <subfield code="a">SEACOMEC</subfield>
    <subfield code="b">SEACOMEC</subfield>
    <subfield code="d">2011-03-10</subfield>
    <subfield code="l">0</subfield>
    <subfield code="o">005.268 LINUX K58</subfield>
    <subfield code="p">17981</subfield>
    <subfield code="r">2025-03-18 12:10:45</subfield>
    <subfield code="t">48</subfield>
    <subfield code="w">2025-03-18</subfield>
    <subfield code="y">BOOK</subfield>
  </datafield>
  <datafield tag="952" ind1=" " ind2=" ">
    <subfield code="0">0</subfield>
    <subfield code="1">0</subfield>
    <subfield code="2">ddc</subfield>
    <subfield code="4">0</subfield>
    <subfield code="7">0</subfield>
    <subfield code="a">SEACOMEC</subfield>
    <subfield code="b">SEACOMEC</subfield>
    <subfield code="d">2011-03-10</subfield>
    <subfield code="l">0</subfield>
    <subfield code="o">005.268 LINUX K58</subfield>
    <subfield code="p">17982</subfield>
    <subfield code="r">2025-03-18 12:10:45</subfield>
    <subfield code="t">49</subfield>
    <subfield code="w">2025-03-18</subfield>
    <subfield code="y">BOOK</subfield>
  </datafield>
  <datafield tag="952" ind1=" " ind2=" ">
    <subfield code="0">0</subfield>
    <subfield code="1">0</subfield>
    <subfield code="2">ddc</subfield>
    <subfield code="4">0</subfield>
    <subfield code="7">0</subfield>
    <subfield code="a">SEACOMEC</subfield>
    <subfield code="b">SEACOMEC</subfield>
    <subfield code="d">2011-03-10</subfield>
    <subfield code="l">0</subfield>
    <subfield code="o">005.268 LINUX K58</subfield>
    <subfield code="p">17983</subfield>
    <subfield code="r">2025-03-18 12:10:45</subfield>
    <subfield code="t">50</subfield>
    <subfield code="w">2025-03-18</subfield>
    <subfield code="y">BOOK</subfield>
  </datafield>
  <datafield tag="952" ind1=" " ind2=" ">
    <subfield code="0">0</subfield>
    <subfield code="1">0</subfield>
    <subfield code="2">ddc</subfield>
    <subfield code="4">0</subfield>
    <subfield code="7">0</subfield>
    <subfield code="a">SEACOMEC</subfield>
    <subfield code="b">SEACOMEC</subfield>
    <subfield code="d">2011-03-10</subfield>
    <subfield code="l">0</subfield>
    <subfield code="o">005.268 LINUX K58</subfield>
    <subfield code="p">17984</subfield>
    <subfield code="r">2025-03-18 12:10:45</subfield>
    <subfield code="t">51</subfield>
    <subfield code="w">2025-03-18</subfield>
    <subfield code="y">BOOK</subfield>
  </datafield>
  <datafield tag="952" ind1=" " ind2=" ">
    <subfield code="0">0</subfield>
    <subfield code="1">0</subfield>
    <subfield code="2">ddc</subfield>
    <subfield code="4">0</subfield>
    <subfield code="7">0</subfield>
    <subfield code="a">SEACOMEC</subfield>
    <subfield code="b">SEACOMEC</subfield>
    <subfield code="d">2011-03-10</subfield>
    <subfield code="l">0</subfield>
    <subfield code="o">005.268 LINUX K58</subfield>
    <subfield code="p">17985</subfield>
    <subfield code="r">2025-03-18 12:11:21</subfield>
    <subfield code="t">52</subfield>
    <subfield code="w">2025-03-18</subfield>
    <subfield code="y">BOOK</subfield>
  </datafield>
  <datafield tag="952" ind1=" " ind2=" ">
    <subfield code="0">0</subfield>
    <subfield code="1">0</subfield>
    <subfield code="2">ddc</subfield>
    <subfield code="4">0</subfield>
    <subfield code="7">0</subfield>
    <subfield code="a">SEACOMEC</subfield>
    <subfield code="b">SEACOMEC</subfield>
    <subfield code="d">2011-02-21</subfield>
    <subfield code="l">0</subfield>
    <subfield code="o">005.268 LINUX K58</subfield>
    <subfield code="p">18186</subfield>
    <subfield code="r">2025-03-18 12:13:00</subfield>
    <subfield code="t">53</subfield>
    <subfield code="w">2025-03-18</subfield>
    <subfield code="y">BOOK</subfield>
  </datafield>
  <datafield tag="952" ind1=" " ind2=" ">
    <subfield code="0">0</subfield>
    <subfield code="1">0</subfield>
    <subfield code="2">ddc</subfield>
    <subfield code="4">0</subfield>
    <subfield code="7">0</subfield>
    <subfield code="a">SEACOMEC</subfield>
    <subfield code="b">SEACOMEC</subfield>
    <subfield code="d">2011-02-21</subfield>
    <subfield code="l">0</subfield>
    <subfield code="o">005.268 LINUX K58</subfield>
    <subfield code="p">18187</subfield>
    <subfield code="r">2025-03-18 12:13:00</subfield>
    <subfield code="t">54</subfield>
    <subfield code="w">2025-03-18</subfield>
    <subfield code="y">BOOK</subfield>
  </datafield>
  <datafield tag="952" ind1=" " ind2=" ">
    <subfield code="0">0</subfield>
    <subfield code="1">0</subfield>
    <subfield code="2">ddc</subfield>
    <subfield code="4">0</subfield>
    <subfield code="7">0</subfield>
    <subfield code="a">SEACOMEC</subfield>
    <subfield code="b">SEACOMEC</subfield>
    <subfield code="d">2011-02-21</subfield>
    <subfield code="l">0</subfield>
    <subfield code="o">005.268 LINUX K58</subfield>
    <subfield code="p">18188</subfield>
    <subfield code="r">2025-03-18 12:13:00</subfield>
    <subfield code="t">55</subfield>
    <subfield code="w">2025-03-18</subfield>
    <subfield code="y">BOOK</subfield>
  </datafield>
  <datafield tag="952" ind1=" " ind2=" ">
    <subfield code="0">0</subfield>
    <subfield code="1">0</subfield>
    <subfield code="2">ddc</subfield>
    <subfield code="4">0</subfield>
    <subfield code="7">0</subfield>
    <subfield code="a">SEACOMEC</subfield>
    <subfield code="b">SEACOMEC</subfield>
    <subfield code="d">2011-02-21</subfield>
    <subfield code="l">0</subfield>
    <subfield code="o">005.268 LINUX K58</subfield>
    <subfield code="p">18189</subfield>
    <subfield code="r">2025-03-18 12:13:00</subfield>
    <subfield code="t">56</subfield>
    <subfield code="w">2025-03-18</subfield>
    <subfield code="y">BOOK</subfield>
  </datafield>
  <datafield tag="952" ind1=" " ind2=" ">
    <subfield code="0">0</subfield>
    <subfield code="1">0</subfield>
    <subfield code="2">ddc</subfield>
    <subfield code="4">0</subfield>
    <subfield code="7">0</subfield>
    <subfield code="a">SEACOMEC</subfield>
    <subfield code="b">SEACOMEC</subfield>
    <subfield code="d">2011-02-21</subfield>
    <subfield code="l">0</subfield>
    <subfield code="o">005.268 LINUX K58</subfield>
    <subfield code="p">18190</subfield>
    <subfield code="r">2025-03-18 12:13:00</subfield>
    <subfield code="t">57</subfield>
    <subfield code="w">2025-03-18</subfield>
    <subfield code="y">BOOK</subfield>
  </datafield>
  <datafield tag="952" ind1=" " ind2=" ">
    <subfield code="0">0</subfield>
    <subfield code="1">0</subfield>
    <subfield code="2">ddc</subfield>
    <subfield code="4">0</subfield>
    <subfield code="7">0</subfield>
    <subfield code="a">SEACOMEC</subfield>
    <subfield code="b">SEACOMEC</subfield>
    <subfield code="d">2011-02-21</subfield>
    <subfield code="l">0</subfield>
    <subfield code="o">005.268 LINUX K58</subfield>
    <subfield code="p">18191</subfield>
    <subfield code="r">2025-03-18 12:13:00</subfield>
    <subfield code="t">58</subfield>
    <subfield code="w">2025-03-18</subfield>
    <subfield code="y">BOOK</subfield>
  </datafield>
  <datafield tag="952" ind1=" " ind2=" ">
    <subfield code="0">0</subfield>
    <subfield code="1">0</subfield>
    <subfield code="2">ddc</subfield>
    <subfield code="4">0</subfield>
    <subfield code="7">0</subfield>
    <subfield code="a">SEACOMEC</subfield>
    <subfield code="b">SEACOMEC</subfield>
    <subfield code="d">2011-02-21</subfield>
    <subfield code="l">0</subfield>
    <subfield code="o">005.268 LINUX K58</subfield>
    <subfield code="p">18192</subfield>
    <subfield code="r">2025-03-18 12:13:00</subfield>
    <subfield code="t">59</subfield>
    <subfield code="w">2025-03-18</subfield>
    <subfield code="y">BOOK</subfield>
  </datafield>
  <datafield tag="952" ind1=" " ind2=" ">
    <subfield code="0">0</subfield>
    <subfield code="1">0</subfield>
    <subfield code="2">ddc</subfield>
    <subfield code="4">0</subfield>
    <subfield code="7">0</subfield>
    <subfield code="a">SEACOMEC</subfield>
    <subfield code="b">SEACOMEC</subfield>
    <subfield code="d">2011-02-21</subfield>
    <subfield code="l">0</subfield>
    <subfield code="o">005.268 LINUX K58</subfield>
    <subfield code="p">18193</subfield>
    <subfield code="r">2025-03-18 12:13:00</subfield>
    <subfield code="t">60</subfield>
    <subfield code="w">2025-03-18</subfield>
    <subfield code="y">BOOK</subfield>
  </datafield>
  <datafield tag="952" ind1=" " ind2=" ">
    <subfield code="0">0</subfield>
    <subfield code="1">0</subfield>
    <subfield code="2">ddc</subfield>
    <subfield code="4">0</subfield>
    <subfield code="7">0</subfield>
    <subfield code="a">SEACOMEC</subfield>
    <subfield code="b">SEACOMEC</subfield>
    <subfield code="d">2011-02-21</subfield>
    <subfield code="l">0</subfield>
    <subfield code="o">005.268 LINUX K58</subfield>
    <subfield code="p">18194</subfield>
    <subfield code="r">2025-03-18 12:13:00</subfield>
    <subfield code="t">61</subfield>
    <subfield code="w">2025-03-18</subfield>
    <subfield code="y">BOOK</subfield>
  </datafield>
  <datafield tag="952" ind1=" " ind2=" ">
    <subfield code="0">0</subfield>
    <subfield code="1">0</subfield>
    <subfield code="2">ddc</subfield>
    <subfield code="4">0</subfield>
    <subfield code="7">0</subfield>
    <subfield code="a">SEACOMEC</subfield>
    <subfield code="b">SEACOMEC</subfield>
    <subfield code="d">2011-02-21</subfield>
    <subfield code="l">0</subfield>
    <subfield code="o">005.268 LINUX K58</subfield>
    <subfield code="p">18195</subfield>
    <subfield code="r">2025-03-18 12:13:00</subfield>
    <subfield code="t">62</subfield>
    <subfield code="w">2025-03-18</subfield>
    <subfield code="y">BOOK</subfield>
  </datafield>
  <datafield tag="952" ind1=" " ind2=" ">
    <subfield code="0">0</subfield>
    <subfield code="1">0</subfield>
    <subfield code="2">ddc</subfield>
    <subfield code="4">0</subfield>
    <subfield code="7">0</subfield>
    <subfield code="a">SEACOMEC</subfield>
    <subfield code="b">SEACOMEC</subfield>
    <subfield code="d">2011-02-21</subfield>
    <subfield code="l">0</subfield>
    <subfield code="o">005.268 LINUX K58</subfield>
    <subfield code="p">18196</subfield>
    <subfield code="r">2025-03-18 12:13:40</subfield>
    <subfield code="t">63</subfield>
    <subfield code="w">2025-03-18</subfield>
    <subfield code="y">BOOK</subfield>
  </datafield>
  <datafield tag="952" ind1=" " ind2=" ">
    <subfield code="0">0</subfield>
    <subfield code="1">0</subfield>
    <subfield code="2">ddc</subfield>
    <subfield code="4">0</subfield>
    <subfield code="7">0</subfield>
    <subfield code="a">SEACOMEC</subfield>
    <subfield code="b">SEACOMEC</subfield>
    <subfield code="d">2011-02-21</subfield>
    <subfield code="l">0</subfield>
    <subfield code="o">005.268 LINUX K58</subfield>
    <subfield code="p">18197</subfield>
    <subfield code="r">2025-03-18 12:13:40</subfield>
    <subfield code="t">64</subfield>
    <subfield code="w">2025-03-18</subfield>
    <subfield code="y">BOOK</subfield>
  </datafield>
  <datafield tag="999" ind1=" " ind2=" ">
    <subfield code="c">232</subfield>
    <subfield code="d">232</subfield>
  </datafield>
</record>
